| 000 | 00000nam##2200000za#4500 |
| 001 | 9.566976 |
| 003 | CaOODSP |
| 005 | 20210624180541 |
| 007 | cr ||||||||||| |
| 008 | 150406|2008||||xxc|||||o f|0| 0 eng|d |
| 022 | |a1488-5379 |
| 040 | |aCaOODSP|beng |
| 043 | |an-cn--- |
| 086 | 1 |aFs97-6/2806E-PDF |
| 110 | 1 |aCanada. |bDepartment of Fisheries and Oceans. |
| 245 | 10|aDistribution and abundance of juvenile salmonids and other fish species in the Courtenay River Estuary and Baynes Sound, 2001 / |h[electronic resource]|cby S.L. Hamilton ... [et al.] |
| 260 | |aNanaimo - British Columbia : |bFisheries and Oceans Canada |c2008. |
| 300 | |a242p.|bfigs., maps, references, tables |
| 490 | 1 |aCanadian technical report of fisheries and aquatic sciences|x1488-5379|v2806 |
| 546 | |a(Résumé en français.) |
| 590 | |a10-10-Supp|b2010-11-09 |
| 720 | 1 |aHamilton, S. L. |
| 776 | 0#|tDistribution and abundance of juvenile salmonids and other fish species in the Courtenay River Estuary and Baynes Sound, 2001 / |w(CaOODSP)9.619192 |
| 830 | #0|aCanadian technical report of fisheries and aquatic sciences,|x1488-5379|v2806|w(CaOODSP)9.504449 |
| 856 | 40|ahttp://publications.gc.ca|qPDF|s1599 KB|uhttps://publications.gc.ca/collections/collection_2010/mpo-dfo/Fs97-6-2806-eng.pdf|y2806 |